Sports Quiz

Random Sports or NFL Quiz

#14 Athletes Quiz Stats

 Plays Quiz Updated Aug 8, 2019

Score 0/12 Timer 03:00
6 Plays Today
Athlete % Correct
Pete Rose
85.5%
Andy Dalton
80.6%
Dan Fouts
66.1%
Ernie Banks
64.3%
Oscar Robertson
59.3%
Bob Cousy
58.9%
Muggsy Bogues
53.3%
Paul Konerko
52.3%
Jim Rice
45.5%
Jamie Benn
25.6%
Brendan Shanahan
25%
Theo Fleury
21.4%

You're not logged in!

Compare scores with friends on all Sporcle quizzes.
OR
Log In

Sporcle TV

Today on Sporcle TV


Watch our educational content, quiz creation guides, and fun videos on Sporcle TV.

Show Comments

Extras

Top Quizzes Today


Score Distribution

Your Account Isn't Verified!

In order to create a playlist on Sporcle, you need to verify the email address you used during registration. Go to your Sporcle Settings to finish the process.

Report this User

Report this user for behavior that violates our Community Guidelines.

Details: